| 000 | 00542pab a2200193 454500 | ||
|---|---|---|---|
| 008 | 180718b2016 xxu||||| |||| 00| 0 eng d | ||
| 100 | _aWoessmann, Ludger | ||
| 245 | _aThe importance of school systems: evidence from international differences in student achievement | ||
| 260 | _c2016 | ||
| 300 | _ap.3-32. | ||
| 362 | _aSummer | ||
| 650 | _aAcademic achievement | ||
| 650 | _aStudents | ||
| 650 | _aSchools | ||
| 650 | _aEducation | ||
| 650 | _aFormal education | ||
| 773 | _aJournal of Economic Perspectives | ||
| 909 | _a112245 | ||
| 999 |
_c112240 _d112240 |
||